00574nam a2200169 a 450000500170000000800410001704000250005804100080008304400070009110000300009824501770012826000290030530000160033465000250035065000160037566200130039120180115102349.0140219b1971 ck ||||| |||| 00| 0 spa d aCO-BoIAVHcCO-BoIAVH aspa ack aChirivi Gallego, Hernando aNotas sobre la problemática del manejo de los Crocodylia en Colombia con especial referencia a la babilla (Caiman crocodilus) y la factibilidad de su cría en cautividad aBogotábInderenac1971 a163 paginas14aCría en cautiverio14aInventarios aColombia